00370nam a22001457a 4500003000400000020001800004082001800022100001600040245004200056250000600098260003900104300001200143650004100155700002800196OSt a9789327267303 a658.5bNEE/SU aNeeti gupta aSupply chain and logistics management a1 aNewdelhibKalyani publishersc2016 a11.39p. aEvolution of supply chain management aAbha chopraaAnju gupta